Today's mathematics Part 1: (Record no. 97472)

MARC details
000 -LEADER
fixed length control field 00934cam a2200253 a 4500
003 - CONTROL NUMBER IDENTIFIER
control field OSt
005 - DATE AND TIME OF LATEST TRANSACTION
control field 20251110115241.0
008 - FIXED-LENGTH DATA ELEMENTS--GENERAL INFORMATION
fixed length control field
020 ## - INTERNATIONAL STANDARD BOOK NUMBER
International Standard Book Number 9780471387947 (Paperback)
040 ## - CATALOGING SOURCE
Transcribing agency NUST
Original cataloging agency NUST
Language of cataloging eng
Modifying agency NUST
Description conventions rda
050 ## - LIBRARY OF CONGRESS CALL NUMBER
Classification number QA135.5 HED
100 1# - MAIN ENTRY--PERSONAL NAME
Personal name Heddens, James W.
Relator term Author
245 10 - TITLE STATEMENT
Title Today's mathematics Part 1:
Remainder of title concepts and classroom methods /
Statement of responsibility, etc. James W. Heddens and William R.Speer.
250 ## - EDITION STATEMENT
Edition statement Tenth edition.
260 ## - PUBLICATION, DISTRIBUTION, ETC.
Place of publication, distribution, etc. New York :
Name of publisher, distributor, etc. John Wiley,
Date of publication, distribution, etc. ©2001.
300 ## - PHYSICAL DESCRIPTION
Extent xii, 381 pages :
Other physical details Illustrations ;
Dimensions 28 cm.
336 ## - CONTENT TYPE
Source rdacontent
Content type term text
Content type code txt
337 ## - MEDIA TYPE
Source rdamedia
Media type term unmediated
Media type code n
338 ## - CARRIER TYPE
Source rdacarrier
Carrier type term volume
Carrier type code nc
504 ## - BIBLIOGRAPHY, ETC. NOTE
Bibliography, etc. note Includes bibliographical references and index.
650 #0 - SUBJECT ADDED ENTRY--TOPICAL TERM
Topical term or geographic name entry element Mathematics
General subdivision Study and teaching (Elementary)
700 1# - ADDED ENTRY--PERSONAL NAME
Personal name Speer, William R.
Relator term Author
942 ## - ADDED ENTRY ELEMENTS (KOHA)
Koha item type Ordinary Loan Books
Call number prefix QA135.5
Call number suffix HED
Source of classification or shelving scheme Library of Congress Classification
Edition Tenth edition.
Classification part QA135.5 HED
Suppress in OPAC No
Holdings
Withdrawn status Lost status Source of classification or shelving scheme Damaged status Not for loan Collection Home library Current library Shelving location Date acquired Source of acquisition Cost, normal purchase price Total Checkouts Full call number Barcode Date last seen Accession number Cost, replacement price Price effective from Koha item type Public note
    LCC   1 NFIC MAIN MAIN GEN 05/16/2023 Book Aid International 80.00   QA135.5 JAM 92004036268 01/20/2023 48706 30.00 05/16/2023 BOOKS Donation
    LCC   1 NFIC MAIN MAIN GEN 11/10/2025 Book Aid International 80.00   QA135.5 HED 92004036261 11/10/2025 48707 80.00 11/10/2025 BOOKS Donation
    LCC   1 NFIC MAIN MAIN GEN 11/10/2025 Book Aid International 80.00   QA135.5 HED 92004036260 11/10/2025 48708 80.00 11/10/2025 BOOKS Donation
    LCC   1 NFIC MAIN MAIN GEN 11/10/2025 Book Aid International 80.00   QA135.5 HED 92004036298 11/10/2025 48764 80.00 11/10/2025 BOOKS Donation
    LCC   1 NFIC MAIN MAIN GEN 11/10/2025 Book Aid International 80.00   QA135.5 HED 92004036135 11/10/2025 48579 80.00 11/10/2025 BOOKS Donation
    LCC   1 NFIC MAIN MAIN GEN 11/10/2025 Book Aid International 80.00   QA135.5 HED 92004036264 11/10/2025 48705 80.00 11/10/2025 BOOKS Donation
    LCC   1 NFIC MAIN MAIN GEN 11/10/2025 Book Aid International 80.00   QA135.5 HED 92004036255 11/10/2025 48712 80.00 11/10/2025 BOOKS Donation
    LCC   1 NFIC MAIN MAIN GEN 11/10/2025 Book Aid International 80.00   QA135.5 HED 92004036281 11/10/2025 49029 80.00 11/10/2025 BOOKS Donation
    LCC   1 NFIC MAIN MAIN GEN 11/10/2025 Book Aid International 80.00   QA135.5 HED 92004036288 11/10/2025 48758 80.00 11/10/2025 BOOKS Donation
    LCC   1 NFIC MAIN MAIN GEN 11/10/2025 Book Aid International 80.00   QA135.5 HED 92004036265 11/10/2025 48704 80.00 11/10/2025 BOOKS Donation
    LCC   1 NFIC MAIN MAIN GEN 11/10/2025 Book Aid International 80.00   QA135.5 HED 92004036257 11/10/2025 48709 80.00 11/10/2025 BOOKS Donation
    LCC   1 NFIC MAIN MAIN GEN 11/10/2025 Book Aid International 80.00   QA135.5 HED 92004036269 11/10/2025 48703 80.00 11/10/2025 BOOKS Donation
    LCC   1 NFIC MAIN MAIN GEN 11/10/2025 Book Aid International 80.00   QA135.5 HED 92004036252 11/10/2025 48713 80.00 11/10/2025 BOOKS Donation
    LCC   1 NFIC MAIN MAIN GEN 11/10/2025 Book Aid International 80.00   QA135.5 HED 92004036299 11/10/2025 48763 80.00 11/10/2025 BOOKS Donation
    LCC   1 NFIC MAIN MAIN GEN 11/10/2025 Book Aid International 80.00   QA135.5 HED 92004036296 11/10/2025 48762 80.00 11/10/2025 BOOKS Donation
    LCC   1 NFIC MAIN MAIN GEN 11/10/2025 Book Aid International 80.00   QA135.5 HED 92004036294 11/10/2025 48761 80.00 11/10/2025 BOOKS Donation
    LCC   1 NFIC MAIN MAIN GEN 11/10/2025 Book Aid International 80.00   QA135.5 HED 92004036244 11/10/2025 48702 80.00 11/10/2025 BOOKS Donation
    LCC   1 NFIC MAIN MAIN GEN 11/10/2025 Book Aid International 80.00   QA135.5 HED 92004036292 11/10/2025 48759 80.00 11/10/2025 BOOKS Donation
    LCC   1 NFIC MAIN MAIN GEN 11/10/2025 Book Aid International 80.00   QA135.5 HED 92004036253 11/10/2025 48711 80.00 11/10/2025 BOOKS Donation
    LCC   1 NFIC MAIN MAIN GEN 11/10/2025 Book Aid International 80.00   QA135.5 HED 92004036256 11/10/2025 48710 80.00 11/10/2025 BOOKS Donation
    LCC   1 NFIC MAIN MAIN GEN 11/10/2025 Book Aid International 80.00   QA135.5 HED 92004036248 11/10/2025 48715 80.00 11/10/2025 BOOKS Donation
    LCC   1 NFIC MAIN MAIN GEN 11/10/2025 Book Aid International 80.00   QA135.5 HED 92004036249 11/10/2025 48714 80.00 11/10/2025 BOOKS Donation
    LCC   1 NFIC MAIN MAIN GEN 11/10/2025 Book Aid International 80.00   QA135.5 HED 92004036295 11/10/2025 48760 80.00 11/10/2025 BOOKS Donation